000 00727nam a2200217Ia 4500
003 GCL
008 140319s9999 xx 000 0 ara d
040 _aGCL /
_cGCL
082 0 4 _a910.039
_bك س
100 1 _aمحمد السيد غلاب
245 1 0 _aالسلالات البشرية الحالية /
_cمحمد السيد غلاب
700 1 _aكون ، كارلتون ا س
260 _aالقاهرة :
_bمؤسسة شباب الجامعة ،
_c1995
300 _a420 ص ؛
_c24 سم
650 0 4 _aالحضارة
650 0 4 _aالسلالات البشرية
650 0 4 _aالجغرافيا البشرية
650 0 4 _aالاجتماع، علم
650 0 4 _aالانثرويولوجيا
942 _2ddc
_cBK
999 _c41001
_d41001